| 000 | 00575nam a2200217 i 4500 | ||
|---|---|---|---|
| 001 | bg | ||
| 100 | 1 |
_aGórski, Eugeniusz _d(1924- ). |
|
| 245 | 0 |
_aObróbka skrawaniem / _cEugeniusz Górski. |
|
| 250 | _a[Wyd.5 popr.]. | ||
| 260 |
_aWarszawa : _bWydawnictwa Szkolne i Pedagogiczne, _c1982. |
||
| 300 |
_a631,[1] s. : _bfot., rys. ; _c24 cm. |
||
| 650 | 9 | _aSkrawanie | |
| 655 | _aPodręczniki | ||
| 020 | _a8302015288 | ||
| 040 | _cBPK | ||
| 041 | _apol | ||
| 080 | _a621.9(07) | ||
| 920 | _a83-02-01528-8 | ||
| 942 | _cKS | ||
| 008 | s pl f |000 0 pol | ||
| 999 |
_c2563 _d2563 |
||
| 856 |
_uhttp://koha.tu.koszalin.pl/cgi-bin/koha/opac-detail.pl?biblionumber=2563 _yKatalog online BPK |
||